000 01180cam a2200241 4500
001 X113204
008 000000n2001 000 0 eng u
035 _a(Sirsi) u113204
100 _aBlackman, D.
245 _aMajor reform back on the agenda
260 _c2001
490 _aPlanning (for the Natural and Built Environment)
_v(1421) 1 June 2001, 10(1)
520 _aInvestigates whether government will introduce major changes to the development planning process in light of presentations by representatives of government departments, the CPRE and the CBI on the ways in which they would like to see the system reformed. Suggests that local development plans may be replaced with 'strategic development guidance', which would be accompanied by site-specific master plans and overlay community plans, in an effort to speed up their production.
650 _aCOMMUNITY PLANS
650 _aDEVELOPMENT PLANNING
650 _aDEVELOPMENT PLANS
650 _aLOCAL DEVELOPMENT PLANS
650 _aPLANNING PROCESS
650 _aPLANNING SYSTEM
650 _aSTRATEGIC PLANNING
690 _aENVIRONMENTAL AND LAND CONSULTANCY-PLANNING AND DEVELOPMENT
942 _n0
999 _c67418
_d67418